| 000 | 00444nam a2200181Ia 4500 | ||
|---|---|---|---|
| 005 | 20250603145126.0 | ||
| 008 | 250603s9999 xx 000 0 und d | ||
| 020 | _a9781482245912 | ||
| 050 | _aHF 5548 .L35/ | ||
| 100 | _aLandoll J. Douglas | ||
| 245 | 0 | _aInformation security policies, procedures, and standards | |
| 260 | _aNewYork | ||
| 260 | _bCRC Press | ||
| 260 | _c2016 | ||
| 300 | _a240 p | ||
| 650 | _aNewYork | ||
| 942 | _cBK | ||
| 999 |
_c40951 _d40951 |
||